=LDR 00000nam 2200000 4500 =001 INLIS000000001053994 =990 ##$$a 21010398 =005 20250526022538 =035 ##$$a 0010-0525000200 =245 1#$$a Menjadi Anak Mandiri /$c Nenden Rilla Artistiana =100 #$$a Nende Rilla Artistiana =300 ##$$a 60 hlm : $b ilus ; $c 21 x 15 cm =260 ##$$a Bogor :$b Regina,$c 2008 =082 ##$$a 028.5 =084 ##$$a 028.5 NEN m